The New Testment of Our Lord and Saviour Jessus Christ: In Sanscrit (Record no. 20146)
[ view plain ]
| 000 -LEADER | |
|---|---|
| fixed length control field | 00282nam a22001217a 4500 |
| 082 ## - DEWEY DECIMAL CLASSIFICATION NUMBER | |
| Classification number | 225.52 WEN |
| 100 ## - MAIN ENTRY--AUTHOR NAME | |
| Author name | Wenger, John |
| 245 ## - TITLE STATEMENT | |
| Title | The New Testment of Our Lord and Saviour Jessus Christ: In Sanscrit |
| 260 ## - PUBLICATION, DISTRIBUTION, ETC. (IMPRINT) | |
| Place of publication | USA |
| Year of publication | 1851 |
| 300 ## - PHYSICAL DESCRIPTION | |
| Number of Pages | 666 |
| 650 ## - SUBJECT ADDED ENTRY--TOPICAL TERM | |
| Topical Term | Bible |
| 942 ## - ADDED ENTRY ELEMENTS (KOHA) | |
| Koha item type | Books |
| Home library | Current library | Date acquired | Source of acquisition | Full call number | Accession Number | Koha item type |
|---|---|---|---|---|---|---|
| Henry Martyn Institute Library | Henry Martyn Institute Library | 09/09/2016 | Kohinoor Publication | 225.52 WEN | 25085 | Books |
